000 00513nam a2200181Ia 4500
005 20250326125225.0
008 250326s9999 xx 000 0 und d
037 _aTextbook
040 _aFMSL
_beng
_cFMSL
041 _aeng
_2eng
084 _aX5:512 L3
_qFMSL
100 _aThompson J W
_9133224
245 0 _aSelling: managerial and behavioral science analysis
_cThompson J W
260 _aNY
_bNY, McGraw-Hill
_c1973
300 _a580p
942 _cTB
_hX5:512 L3
999 _c1277077
_d1277077